| 000 | 00709nam a22002417a 4500 | ||
|---|---|---|---|
| 005 | 20170124110010.0 | ||
| 010 | _aA-375218 | ||
| 020 |
_c70.00 _a8122401759 |
||
| 035 | _a813256 | ||
| 037 | _bCen Lib/Ret | ||
| 040 |
_aDPL _bEN |
||
| 082 |
_a332 _bVAI |
||
| 100 |
_aVaish, M. C. _913723 |
||
| 245 |
_aMoney, banking, trade and public finance / _cby M. C. Vaish |
||
| 250 | _a2nd ed | ||
| 260 |
_aNew Delhi _bWiley Eastern _c1989 |
||
| 270 |
_bNew Delhi _a2835/24, Ansari Road, Darya Ganj _e110002 |
||
| 300 |
_axvi,767p.: _c20cm(Hb) _bill. |
||
| 500 | _aIncludes index | ||
| 650 |
_aBanks and banking _917544 |
||
| 650 |
_aInternational finance _917545 |
||
| 942 |
_2ddc _cEN _h332 _mVAI |
||
| 999 |
_c126450 _d126450 |
||